The common agricultural policy, prospects for change /

Bibliographic Details
Main Author: Pearce, Joan
Format: Book
Language:English
Published: London ; Boston : [Published for] Royal Institute of International Affairs [by] Routledge & K. Paul, 1981.
Series:Chatham House papers ; no. 13.
Subjects:

MARC

Tag First Indicator Second Indicator Subfields
LEADER 00000pam a2200000 a 4500
001 in00000090702
005 20150923130919.0
008 811019s1981 enka b 00010 eng
010 |a  81017948  
020 |a 0710090692 :  |c $8.00 
035 |a (OCoLC)07923307 
035 |9 AAK6540AM 
039 0 |a 2  |b 3  |c 3  |d 3  |e 3 
040 |a DLC  |c DLC  |d TXA  |d UtOrBLW 
043 |a ew----- 
049 |a TXAM  |c [1806023] 
050 0 0 |a HD1920.5 Z8  |b  P4 1981 
082 0 |a 338.1/84  |2 19 
100 1 |a Pearce, Joan. 
245 1 4 |a The common agricultural policy, prospects for change /  |c Joan Pearce. 
264 1 |a London ;  |a Boston :  |b [Published for] Royal Institute of International Affairs [by] Routledge & K. Paul,  |c 1981. 
300 |a 122 pages :  |b illustrations ;  |c 22 cm. 
336 |a text  |b txt  |2 rdacontent 
337 |a unmediated  |b n  |2 rdamedia 
338 |a volume  |b nc  |2 rdacarrier 
490 1 |a Chatham House papers ;  |v 13 
504 |a Includes bibliographical references. 
650 0 |a Agriculture and state  |z European Economic Community countries. 
830 0 |a Chatham House papers ;  |v no. 13. 
999 |a MARS 
999 f f |s bebe996e-659f-368c-ae67-09e5124b4d57  |i 7fb46038-5c3d-3727-807f-bb913dd54be7  |t 0 
952 f f |p ric  |a Texas A&M University  |b Rellis Campus  |c Joint Library Facility  |d Remote Storage  |t 0  |e HD1920.5 Z8 P4 1981  |h Library of Congress classification  |i unmediated -- volume  |m A14806001221 
998 f f |a HD1920.5 Z8 P4 1981  |t 0  |l Remote Storage